<?xml version="1.0" encoding="UTF-8"?>
<marc:record xmlns:marc="http://www.loc.gov/MARC21/slim">
   <marc:leader>00000nam a2200000 a 4500</marc:leader>
   <marc:datafield ind1=" " ind2=" " tag="653">
      <marc:subfield code="a">E-Game</marc:subfield>
   </marc:datafield>
   <marc:datafield ind1=" " ind2=" " tag="653">
      <marc:subfield code="a">E-Beginners</marc:subfield>
   </marc:datafield>
   <marc:datafield ind1=" " ind2=" " tag="653">
      <marc:subfield code="a">ab 8 Jahre</marc:subfield>
   </marc:datafield>
   <marc:datafield ind1=" " ind2=" " tag="653">
      <marc:subfield code="a">CD-ROM</marc:subfield>
   </marc:datafield>
   <marc:datafield ind1=" " ind2=" " tag="653">
      <marc:subfield code="a">Englischkurs</marc:subfield>
   </marc:datafield>
   <marc:datafield ind1="0" ind2="0" tag="245">
      <marc:subfield code="a">Kids Do</marc:subfield>
   </marc:datafield>
   <marc:datafield ind1="0" ind2="0" tag="245">
      <marc:subfield code="b">Englische Spiele für 8-12jährige</marc:subfield>
   </marc:datafield>
   <marc:datafield ind1=" " ind2="1" tag="264">
      <marc:subfield code="a">Wien</marc:subfield>
      <marc:subfield code="b">Österreichischer Bundesverlag Schulbuch</marc:subfield>
   </marc:datafield>
   <marc:datafield ind1="1" ind2=" " tag="520">
      <marc:subfield code="a">Kids Do bietet eine interaktive Spielesamm-&lt;br/&gt;lung. Sieben abwechslungsreiche Spiele, u.a.  ein Kreuzworträtsel und ein Brettspiel,  ermöglichen es den Kindern, einfache Wörter  und Phrasen spielerisch zu üben.&lt;br/&gt;- Ohne Computervorkenntnisse verwendbar&lt;br/&gt;- klares Menü, in dem sich die Kinder auch &lt;br/&gt;  allein leicht zurechtfinden&lt;br/&gt;- Hilfe auf Deutsch - gesprochen von Heinz&lt;br/&gt;  Zuber - jederzeit aufrufbar&lt;br/&gt;- integriertes Wörterbuch zum Nachschlagen &lt;br/&gt;  einzelner Vokabeln&lt;br/&gt;&lt;br/&gt; </marc:subfield>
   </marc:datafield>
   <marc:datafield ind1=" " ind2=" " tag="020">
      <marc:subfield code="a">9783209029027</marc:subfield>
      <marc:subfield code="9">9783209029027</marc:subfield>
   </marc:datafield>
   <marc:datafield ind1=" " ind2=" " tag="041">
      <marc:subfield code="a">ger</marc:subfield>
   </marc:datafield>
   <marc:datafield ind1="1" ind2=" " tag="521">
      <marc:subfield code="a">0</marc:subfield>
   </marc:datafield>
   <marc:datafield ind1=" " ind2=" " tag="338">
      <marc:subfield code="a">CD-ROM</marc:subfield>
   </marc:datafield>
   <marc:datafield ind1=" " ind2=" " tag="300">
      <marc:subfield code="a">2001</marc:subfield>
   </marc:datafield>
</marc:record>
